书目信息 |
| 题名: |
南北两瓷村
|
|
| 作者: | 罗德胤 编著 | |
| 分册: | ||
| 出版信息: | 北京 清华大学出版社 2008.01 |
|
| 页数: | 139页 | |
| 开本: | 23cm | |
| 丛书名: | 中国乡土建筑丛书 | |
| 单 册: | ||
| 中图分类: | TU241.4 | |
| 科图分类: | ||
| 主题词: | 农村住宅--建筑设计 | |
| 电子资源: | ||
| ISBN: | 978-7-302-16062-5 | |
| 000 | 00713nam0 2200229 450 | |
| 001 | 0854075384 | |
| 005 | 20081215101251.68 | |
| 010 | @a978-7-302-16062-5@dCNY78.00 | |
| 100 | @a20081212d2008 km y0chiy0120 ea | |
| 101 | 0 | @achi |
| 102 | @aCN@b110000 | |
| 200 | 1 | @a南北两瓷村@Anan bei liang ci cun@e三卿口·招贤@f罗德胤编著@Fluo de yin bian zhu |
| 210 | @a北京@c清华大学出版社@d2008.01 | |
| 215 | @a139页@d23cm | |
| 225 | 2 | @a中国乡土建筑丛书 |
| 410 | 0 | @12001 @a中国乡土建筑丛书 |
| 517 | 1 | @a三卿口·招贤@Asan qing kou·zhao xian |
| 606 | 0 | @a农村住宅@x建筑设计 |
| 690 | @aTU241.4@v4 | |
| 701 | 0 | @a罗德胤@Aluo de yin@4编著 |
| 801 | 0 | @aCN@b山东省滨州职业学院图书馆@c20081215 |
| 905 | @aBZT@dTU241.4@e1@f5 | |
| 南北两瓷村:三卿口·招贤/罗德胤编著.-北京:清华大学出版社,2008.01 |
| 139页;23cm.-(中国乡土建筑丛书) |
| ISBN 978-7-302-16062-5:CNY78.00 |
| ● |
| 相关链接 |
|
|
|
正题名:南北两瓷村
索取号:TU241.4/1
 
预约/预借
| 序号 | 登录号 | 条形码 | 馆藏地/架位号 | 状态 | 备注 |
| 1 | 0690402 | 2000690402 | 样本书库/样006架A面1层2列/ [索取号:TU241.4/1] | 在馆 | |
| 2 | 0690403 | 2000690403 | 中心书库中库/ 中库023架A面6列1层45/ [索取号:TU241.4/1] | 在馆 | |
| 3 | 0690404 | 2000690404 | 中心书库中库/ 中库023架A面6列1层43/ [索取号:TU241.4/1] | 在馆 | |
| 4 | 0690405 | 2000690405 | 中心书库中库/ 中库023架A面6列1层46/ [索取号:TU241.4/1] | 在馆 | |
| 5 | 0690406 | 2000690406 | 中心书库中库/ 中库023架A面6列1层44/ [索取号:TU241.4/1] | 在馆 |